000 00387nam a22001577a 4500
003 MPLRDC
005 20220104143223.0
008 210129b ||||| |||| 00| 0 eng d
082 _a447.16 CTJ-2
100 _a陈铁君校订
245 _a汽车技艺二十讲
_c
260 _a
_b香港万里书店
_c1977
300 _b
650 _a汽车之整备
942 _cBK
_o447.16 CTJ-2
999 _c37775
_d37765